The Outline of History / (Record no. 193997)
[ view plain ]
| 000 -LEADER | |
|---|---|
| fixed length control field | 00706 a2200157 4500 |
| 003 - CONTROL NUMBER IDENTIFIER | |
| control field | NUST |
| 005 - DATE AND TIME OF LATEST TRANSACTION | |
| control field | 20230126124432.0 |
| 040 ## - CATALOGING SOURCE | |
| Transcribing agency | Nust |
| 082 ## - DEWEY DECIMAL CLASSIFICATION NUMBER | |
| Classification number | 909,WEL |
| 100 ## - MAIN ENTRY--PERSONAL NAME | |
| Personal name | Wells, H.G. |
| 9 (RLIN) | 45844 |
| 245 ## - TITLE STATEMENT | |
| Title | The Outline of History / |
| Statement of responsibility, etc. | H.G.Wells |
| 260 ## - PUBLICATION, DISTRIBUTION, ETC. | |
| Place of publication, distribution, etc. | london |
| Name of publisher, distributor, etc. | Cassell and Company |
| Date of publication, distribution, etc. | 1937 |
| 300 ## - PHYSICAL DESCRIPTION | |
| Extent | xviii,1223 p; |
| 505 ## - FORMATTED CONTENTS NOTE | |
| Formatted contents note | The World before Man (Page-13), The Making of Man (Page-62), The First Civilizations (Page-157), Judea Greece and India (Page-252), Rise and Collapse of the Roman Empire (Page-411), Christianity and Islam (Page-520), The Mongol Empires of the Land Ways and the New Empires of the Sea Ways (Page-693), The Age of the Great Powers (Page-796). |
| 942 ## - ADDED ENTRY ELEMENTS (KOHA) | |
| Source of classification or shelving scheme | |
| Koha item type | Book |
| Call number prefix | 909,WEL |
| Withdrawn status | Lost status | Source of classification or shelving scheme | Damaged status | Not for loan | Permanent Location | Current Location | Shelving location | Date acquired | Full call number | Barcode | Date last seen | Price effective from | Koha item type | Public note |
|---|---|---|---|---|---|---|---|---|---|---|---|---|---|---|
| Military College of Signals (MCS) | Military College of Signals (MCS) | General Stacks | 12/12/2016 | 909,WEL | MCS29416 | 12/08/2016 | 12/12/2016 | Book | Almirah No.58, Shelf No.4 |
